Carnivora species Quiz Stats

Quiz not verified by Sporcle

Challenge
Share
Tweet
Embed
Score 0/18 Timer 15:00
0 Plays Today
Hint Answer % Correct
Red FoxVulpes vulpes
94.1%
Mountain lionPuma concolor
94.1%
CoyoteCanis latrans
88.2%
WolverineGulo gulo
88.2%
RacoonProcyon lotor
88.2%
Black bearUrsus americanus
88.2%
Polar bearUrsus maritimus
88.2%
Arctic FoxVulpes lagopus
82.4%
LynxLynx canadensis
82.4%
Hint Answer % Correct
Brown bearUrsus arctos
82.4%
River OtterLontra canadensis
76.5%
WolfCanis lupis
76.5%
Sea otterEnhydra lutris
76.5%
MartenMartes americana
76.5%
MinkMustela vison
76.5%
WalrusOdobenus rosmarus
76.5%
ErmineMustela erminea
70.6%
Least weaselMustela nivalis
70.6%

You're not logged in!

Compare scores with friends on all Sporcle quizzes.
Join for Free
OR
Log In

You Might Also Like...

Show Comments

Extras

Created Dec 5, 2015ReportNominate
Tags:carnivora

Top Quizzes Today


Score Distribution

Your Account Isn't Verified!

In order to create a playlist on Sporcle, you need to verify the email address you used during registration. Go to your Sporcle Settings to finish the process.

Report this User

Report this user for behavior that violates our Community Guidelines.

Details: